The works of William E. Channing.
Kaydedildi:
| Yazar: | |
|---|---|
| Materyal Türü: | Kitap |
| Dil: | English |
| Baskı/Yayın Bilgisi: |
New York :
B. Franklin,
[1970].
|
| Seri Bilgileri: | American classics in history and social science ;
163 Burt Franklin research & source works series ; 626. |
| Konular: |
| LEADER | 01058nam a2200277 i 4500 | ||
|---|---|---|---|
| 001 | c000237566 | ||
| 003 | CARM | ||
| 005 | 00000000000000.0 | ||
| 008 | 840301s1970 nyu 0 eng d | ||
| 019 | 1 | |a 49521 |z 41555985 |5 LACONCORD2021 | |
| 020 | |a 083370530X | ||
| 035 | |a (OCoLC)137837 |5 LACONCORD2021 | ||
| 082 | 0 | 4 | |a 201/.1 |
| 100 | 1 | |a Channing, William Ellery, |d 1780-1842. | |
| 245 | 1 | 4 | |a The works of William E. Channing. |
| 260 | |a New York : |b B. Franklin, |c [1970]. | ||
| 300 | |a iv, 2v in 1, 931 p ; |c 24 cm. | ||
| 440 | 0 | |a American classics in history and social science ; |v 163 | |
| 490 | 1 | |a Burt Franklin research and source works series ; |v 626 | |
| 500 | |a Reprint of the 1882 ed. | ||
| 650 | 0 | |a Unitarian churches. | |
| 650 | 0 | |a Theology. | |
| 830 | 0 | |a Burt Franklin research & source works series ; |v 626. | |
| 852 | 8 | |b CARM |h A2:AQ26G0 |i C08482 |p 0330498 |f BK | |
| 999 | f | f | |i e0b5ff13-edb8-5752-8c7b-f70533c8fceb |s 2f53b845-5159-5756-ba84-38eebcf71755 |
| 952 | f | f | |p Can circulate |a CAVAL |b CAVAL |c CAVAL |d CARM 1 Store |e C08482 |f A2:AQ26G0 |h Other scheme |i book |m 0330498 |